Language Quiz

Random Language Quiz

Top 20 Languages by GDP per capita Quiz Stats

 Plays Quiz not verified by Sporcle

Score 0/20 Timer 06:00
0 Plays Today
GDP per capita ($) Language % Correct
10) 32952.6547English
97.4%
5) 38268.2796German
95.9%
9) 34739.655Japanese
90.4%
3) 40265.44121Swedish
88.9%
1) 53470.697Norwegian
88.6%
15) 30623.23002Italian
88.1%
2) 40518.21274Dutch
87.6%
7) 37151.508Danish
84.2%
8) 36235.97Finnish
84.2%
19) 26693.08097Modern Greek
74.1%
GDP per capita ($) Language % Correct
18) 27062.243Czech
71.2%
6) 38060.836Icelandic
70.2%
4) 39638.6Irish
63.2%
11) 30975.092Hebrew
59.3%
16) 28641.568Slovenian
57%
12) 30625.747Catalan
50.3%
20) 25428.08Maltese
38.3%
14) 30625.747Basque
34.5%
13) 30625.747Galician
17.9%
17) 27668.367Maori
17.9%

You're not logged in!

Compare scores with friends on all Sporcle quizzes.
OR
Log In

Sporcle TV

Today on Sporcle TV


Watch our educational content, quiz creation guides, and fun videos on Sporcle TV.

Show Comments

Extras

Top Quizzes Today


Score Distribution

Your Account Isn't Verified!

In order to create a playlist on Sporcle, you need to verify the email address you used during registration. Go to your Sporcle Settings to finish the process.

Report this User

Report this user for behavior that violates our Community Guidelines.

Details: